| 000 | 02167cam a2200469 i 4500 | ||
|---|---|---|---|
| 001 | 14535986 | ||
| 003 | EG-ScBUE | ||
| 005 | 20240702110211.0 | ||
| 008 | 060906t2006 nyu f 001 0aeng d | ||
| 020 | _a9780307455871 | ||
| 035 | _a(OCoLC)ocm71312726 | ||
| 040 |
_aDLC _beng _erda _cDLC _dBAKER _dKUT _dNPL _dYDXCP _dC#P _dDLC _dEG-ScBUE |
||
| 043 | _an-us--- | ||
| 082 | 0 | 4 |
_222 _a973.04960730092 _bOBA |
| 100 | 1 |
_aObama, Barack, _eauthor. _913981 |
|
| 245 | 1 | 4 |
_aThe audacity of hope : _bthoughts on reclaiming the American dream / _cBarack Obama. |
| 250 | _aFirst edition. | ||
| 264 | 1 |
_aNew York : _bVintage Books, _c[2006] |
|
| 264 | 4 | _cc2006 | |
| 300 |
_a448 pages ; _c25 cm |
||
| 336 |
_2rdacontent _atext _btxt |
||
| 337 |
_aunmediated _2rdamedia _bn |
||
| 338 |
_avolume _bnc _2rdacarrier |
||
| 500 | _aIncludes index. | ||
| 505 | 0 | _aRepublicans and Democrats -- Values -- Our Constitution -- Politics -- Opportunity -- Faith -- Race -- The world beyond our borders -- Family. | |
| 600 | 1 | 7 |
_aObama, Barack. _2BUEsh _913982 |
| 600 | 1 | 7 |
_aObama, Barack _xPhilosophy. _2BUEsh _913983 |
| 610 | 1 | 7 |
_aUnited States. _bCongress. _bSenate _vBiography. _2BUEsh _913984 |
| 650 | 7 |
_aLegislators _zUnited States _vBiography. _2BUEsh _913985 |
|
| 650 | 7 |
_aAfrican American legislators _vBiography. _2BUEsh _913986 |
|
| 650 | 7 |
_aNational characteristics, American. _2BUEsh _913987 |
|
| 650 | 7 |
_aIdeals (Philosophy) _2BUEsh _913988 |
|
| 651 | 7 |
_aUnited States _xPolitics and government _xPhilosophy. _2BUEsh _913989 |
|
| 651 | 7 |
_aUnited States _xPolitics and government _y2001-2009. _2BUEsh _913990 |
|
| 655 | _vReading book | ||
| 856 | 4 | 1 |
_3Table of contents only _uhttp://www.loc.gov/catdir/toc/ecip0620/2006028967.html |
| 856 | 4 | 2 |
_3Contributor biographical information _uhttp://www.loc.gov/catdir/enhancements/fy0701/2006028967-b.html |
| 856 | 4 | 2 |
_3Publisher description _uhttp://www.loc.gov/catdir/enhancements/fy0701/2006028967-d.html |
| 856 | 4 | 1 |
_3Sample text _uhttp://www.loc.gov/catdir/enhancements/fy0702/2006028967-s.html |
| 942 |
_2ddc _cBB |
||
| 999 |
_c13986 _d13986 |
||